000 00589nam a2200181 i 4500
001 79074
003 ES-MaACL
005 20251019063048.0
007 t|
008 041019s1949 fr ||||1| fre d
100 1 _aHemingway, Ernest,
_d1899-1961
_9242377
245 1 0 _aPour qui sonne le glas
_b: roman /
_cErnest Hemingway ; traduit par denise van Moppés.
260 _aParis :
_bHeinemann et Zsolnay,
_c[1949] (
_fBrodard et Taupin)
300 _a423 p. ;
_c23 cm.
700 1 _aMoppes, Denise Van.
_9208836
852 _aES-MaACL
_jD-7392
_bR.30967
999 _c79074
_d79074